[Event "EU-Cup 38th"]
[Site "Durres"]
[Date "2023.10.03"]
[Round "3.5"]
[White "Maze, Sebastien"]
[Black "Vogt, Lothar"]
[Result "1-0"]
[WhiteElo "2546"]
[BlackElo "2286"]
[PlyCount "75"]
[EventDate "2023.10.01"]
[EventType "team-swiss"]
[EventRounds "7"]
[EventCountry "ALB"]
[SourceTitle "EXT 2024"]
[Source "ChessBase"]
[SourceDate "2023.10.10"]
[SourceVersion "1"]
[SourceVersionDate "2023.10.10"]
[SourceQuality "1"]
[WhiteTeam "Viernheim"]
[BlackTeam "Zuerich SG"]
[WhiteTeamCountry "GER"]
[BlackTeamCountry "SUI"]

1. e4 c5 2. Nf3 d6 3. Bb5+ Bd7 4. Bxd7+ Qxd7 5. c4 Nf6 6. Nc3 g6 7. d4 cxd4 8. Nxd4 Bg7 9. f3 Nc6 10. Be3 0-0 11. 0-0 a6 12. Qd3 Rfc8 13. b3 Rab8 14. a4 e6 15. Rad1 Rd8 16. Nde2 Qc7 17. Kh1 Rbc8 18. Rc1 Qa5 19. f4 Ng4 20. Bg1 f5 21. Rfd1 Nf6 22. Nd4 Nxd4 23. Bxd4 Qb4 24. exf5 gxf5 25. Qe2 Re8 26. Qb2 e5 27. Na2 Qa5 28. Bc3 Qb6 29. Nb4 Ne4 30. Rc2 Nxc3 31. Qxc3 Qa5 32. Nd5 Qxc3 33. Rxc3 exf4 34. Rf3 Be5 35. h3 Kf7 36. Nxf4 Bxf4 37. Rxf4 Ke6 38. Rh4 1-0

[Event "SUI-chT"]
[Site "Switzerland"]
[Date "2023.08.26"]
[Round "6.3"]
[White "Sedina, Elena"]
[Black "Vogt, Lothar"]
[Result "1-0"]
[WhiteElo "2170"]
[BlackElo "2315"]
[PlyCount "61"]
[EventDate "2023.04.16"]
[EventType "team-tourn"]
[EventRounds "9"]
[EventCountry "SUI"]
[SourceTitle "EXT 2024"]
[Source "ChessBase"]
[SourceDate "2023.10.10"]
[SourceVersion "1"]
[SourceVersionDate "2023.10.10"]
[SourceQuality "1"]
[WhiteTeam "Mendrisio"]
[BlackTeam "Zuerich"]
[WhiteTeamCountry "SUI"]
[BlackTeamCountry "SUI"]

1. e4 c5 2. Nf3 d6 3. Bb5+ Bd7 4. Bxd7+ Qxd7 5. c4 Nf6 6. Nc3 g6 7. d4 cxd4 8. Nxd4 Bg7 9. h3 Qc7 10. Qe2 Nc6 11. Nc2 a6 12. 0-0 0-0 13. Bd2 e6 14. Rac1 Rfe8 15. Ne3 Nd4 16. Qd1 Qd7 17. Ng4 Nxg4 18. hxg4 Red8 19. Bg5 Rdc8 20. b3 b5 21. Be3 Nc6 22. cxb5 Bxc3 23. Rxc3 axb5 24. Rd3 Rxa2 25. Rxd6 Qe7 26. Rd7 Qf6 27. Qc1 Raa8 28. Qd2 Rd8 29. Rc1 Ne5 30. Rxd8+ Rxd8 31. Bg5 1-0

[Event "Norway Chess op"]
[Site "Stavanger"]
[Date "2023.05.30"]
[Round "6"]
[White "Fishbein, Mitch"]
[Black "Vogt, Lothar"]
[Result "1-0"]
[WhiteElo "2120"]
[BlackElo "2314"]
[PlyCount "83"]
[EventDate "2023.05.27"]
[EventType "swiss"]
[EventRounds "10"]
[EventCountry "NOR"]
[SourceTitle "CBM 214 Extra"]
[Source "ChessBase"]
[SourceDate "2023.07.31"]
[SourceVersion "1"]
[SourceVersionDate "2023.07.31"]
[SourceQuality "1"]

1. Nf3 Nf6 2. c4 g6 3. Nc3 Bg7 4. e4 d6 5. d4 0-0 6. Be2 e5 7. 0-0 Nbd7 8. Be3 Re8 9. d5 Nh5 10. g3 Bf8 11. Kh1 a5 12. a3 Be7 13. b4 Ng7 14. g4 Nf6 15. h3 h5 16. Nh2 hxg4 17. hxg4 Nh7 18. Qd2 Bd7 19. c5 Bg5 20. Bb5 Bxb5 21. Nxb5 Bxe3 22. Qxe3 Qd7 23. Nc3 f6 24. Qh6 Kf7 25. f4 Qe7 26. f5 gxf5 27. gxf5 Rh8 28. Qg6+ Kg8 29. Ng4 Kf8 30. Kg2 Ne8 31. Rh1 Rg8 32. Rxh7 Rxg6 33. fxg6 axb4 34. Rh8+ Kg7 35. Rh7+ Kf8 36. Rxe7 Kxe7 37. Nb5 dxc5 38. Ne3 c6 39. dxc6 bxc6 40. Nf5+ Kf8 41. Rh1 Kg8 42. Rh7 1-0

[Event "Sitges Sunway op 9th"]
[Site "Sitges"]
[Date "2022.12.20"]
[Round "8"]
[White "Vogt, Lothar"]
[Black "Cherniack, Alex"]
[Result "1/2-1/2"]
[WhiteElo "2339"]
[BlackElo "2188"]
[PlyCount "61"]
[EventDate "2022.12.12"]
[EventType "swiss"]
[EventRounds "10"]
[EventCountry "ESP"]
[SourceTitle "CBM 211 Extra"]
[Source "ChessBase"]
[SourceDate "2023.01.31"]
[SourceVersion "1"]
[SourceVersionDate "2023.01.31"]
[SourceQuality "1"]

1. e4 e5 2. Nf3 Nc6 3. Bb5 a6 4. Ba4 Nf6 5. 0-0 Be7 6. Re1 b5 7. Bb3 d6 8. c3 0-0 9. h3 Bb7 10. d4 Re8 11. Nbd2 Bf8 12. Bc2 h6 13. b3 Nb8 14. Bb2 Nbd7 15. d5 c6 16. c4 Qc7 17. Rc1 Rec8 18. Qe2 Qb6 19. Red1 a5 20. dxc6 Bxc6 21. cxb5 Bxb5 22. Bd3 Bxd3 23. Qxd3 Nc5 24. Qe3 Qb7 25. Rc4 a4 26. b4 Ncd7 27. Rdc1 Rxc4 28. Rxc4 Nb6 29. Rc1 Nfd7 30. a3 Rc8 31. Rxc8 1/2-1/2

[Event "Sitges Sunway op 9th"]
[Site "Sitges"]
[Date "2022.12.17"]
[Round "6"]
[White "Voiteanu, Christian Gabriel"]
[Black "Vogt, Lothar"]
[Result "1-0"]
[WhiteElo "2152"]
[BlackElo "2339"]
[PlyCount "85"]
[EventDate "2022.12.12"]
[EventType "swiss"]
[EventRounds "10"]
[EventCountry "ESP"]
[SourceTitle "CBM 211 Extra"]
[Source "ChessBase"]
[SourceDate "2023.01.31"]
[SourceVersion "1"]
[SourceVersionDate "2023.01.31"]
[SourceQuality "1"]

1. d4 Nf6 2. c4 g6 3. Nc3 Bg7 4. e4 d6 5. Be2 0-0 6. Be3 e5 7. d5 Na6 8. g4 Nc5 9. f3 a5 10. h4 h5 11. Bg5 hxg4 12. fxg4 Qe8 13. Bxf6 Bxf6 14. Qd2 Kg7 15. 0-0-0 Rh8 16. g5 Be7 17. Nf3 Bg4 18. Rdg1 Bh5 19. Ne1 Qd7 20. Qe3 Bxe2 21. Qxe2 Rh5 22. Kb1 Rah8 23. Nf3 a4 24. Qe3 R5h7 25. Rh2 Kf8 26. Qe2 Ke8 27. Nd1 Kd8 28. Nf2 Kc8 29. Ng4 Qd8 30. Qe3 b6 31. Nh6 Bf8 32. Ng4 Bg7 33. b4 axb3 34. axb3 Kb7 35. Ra2 Qd7 36. Kc2 Ra8 37. Rxa8 Kxa8 38. Ra1+ Kb7 39. b4 Qxg4 40. bxc5 dxc5 41. Qa3 Qxe4+ 42. Kd1 Qxc4 43. Qa8# 1-0

[Event "EU-Cup 37th"]
[Site "Mayrhofen"]
[Date "2022.10.08"]
[Round "6.5"]
[White "Markus, Robert"]
[Black "Vogt, Lothar"]
[Result "1-0"]
[WhiteElo "2615"]
[BlackElo "2331"]
[PlyCount "65"]
[EventDate "2022.10.03"]
[EventType "team-swiss"]
[EventRounds "7"]
[EventCountry "AUT"]
[SourceTitle "CBM 210 Extra"]
[Source "ChessBase"]
[SourceDate "2022.11.30"]
[SourceVersion "1"]
[SourceVersionDate "2022.11.30"]
[SourceQuality "1"]
[WhiteTeam "Ljubljana Tajfun"]
[BlackTeam "Zuerich SG"]
[WhiteTeamCountry "SLO"]
[BlackTeamCountry "SUI"]

1. d4 Nf6 2. c4 g6 3. Nc3 Bg7 4. e4 d6 5. Nf3 0-0 6. Be2 Bg4 7. Be3 Nfd7 8. d5 a5 9. Nd4 Bxe2 10. Qxe2 Na6 11. h4 Nf6 12. h5 Nc5 13. hxg6 fxg6 14. f3 Qd7 15. 0-0-0 e5 16. Ndb5 Na6 17. Kb1 Nh5 18. Qf2 Rf7 19. Ne2 Raf8 20. Qe1 b6 21. Qd2 Qe7 22. Rh2 Nf4 23. Rdh1 h5 24. Ng1 Qg5 25. Ne2 Qe7 26. Nc1 g5 27. g3 Ng6 28. Rxh5 Rxf3 29. Rxg5 R8f6 30. g4 Rg3 31. Rf5 Rf7 32. Bg5 Qd7 33. Qh2 1-0

[Event "Bruges op-A"]
[Site "Bruges"]
[Date "2022.08.18"]
[Round "8"]
[White "Vandendriessche, Jan"]
[Black "Vogt, Lothar"]
[Result "1/2-1/2"]
[WhiteElo "2098"]
[BlackElo "2355"]
[PlyCount "56"]
[EventDate "2022.08.13"]
[EventType "swiss"]
[EventRounds "9"]
[EventCountry "BEL"]
[SourceTitle "CBM 209 Extra"]
[Source "ChessBase"]
[SourceDate "2022.09.30"]
[SourceVersion "1"]
[SourceVersionDate "2022.09.30"]
[SourceQuality "1"]

1. Nf3 Nf6 2. d3 c5 3. g3 Nc6 4. Bg2 d6 5. 0-0 e6 6. e4 Be7 7. c3 0-0 8. Re1 Bd7 9. d4 cxd4 10. cxd4 d5 11. e5 Ne4 12. Nbd2 Nxd2 13. Bxd2 Qb6 14. Bc3 Bb4 15. Bf1 f5 16. Bd3 Ne7 17. Qd2 Bxc3 18. bxc3 Rac8 19. Rab1 Qc7 20. Rb3 Nc6 21. Reb1 Na5 22. Ra3 b6 23. Ba6 Rb8 24. Bd3 Be8 25. Ng5 Bf7 26. g4 g6 27. Qf4 Rbc8 28. gxf5 exf5 1/2-1/2

[Event "Sharjah Masters 5th"]
[Site "Sharjah"]
[Date "2022.05.26"]
[Round "6"]
[White "Vogt, Lothar"]
[Black "Dimakiling, Oliver"]
[Result "0-1"]
[WhiteElo "2365"]
[BlackElo "2420"]
[PlyCount "92"]
[EventDate "2022.05.21"]
[EventType "swiss"]
[EventRounds "9"]
[EventCountry "UAE"]
[SourceTitle "CBM 208 Extra"]
[Source "ChessBase"]
[SourceDate "2022.07.31"]
[SourceVersion "1"]
[SourceVersionDate "2022.07.31"]
[SourceQuality "1"]

1. e4 e5 2. Nf3 Nc6 3. Bb5 Nf6 4. d3 Ne7 5. d4 c6 6. dxe5 Qa5+ 7. Nbd2 Qxb5 8. exf6 gxf6 9. c4 Qh5 10. Nf1 Qc5 11. b3 d5 12. Be3 Qa5+ 13. Bd2 Qa6 14. exd5 cxd5 15. Ne3 dxc4 16. 0-0 Be6 17. Nxc4 0-0-0 18. Rc1 Nc6 19. Qc2 Kb8 20. Bf4+ Ka8 21. a4 Bc5 22. Rfd1 Bxc4 23. Qxc4 Qxc4 24. bxc4 b6 25. Kf1 Na5 26. Rxd8+ Rxd8 27. Ke2 Kb7 28. Nd2 Bb4 29. Nf3 Kc6 30. Rc2 Nb7 31. Be3 Bc5 32. Rc3 a5 33. Nd2 Re8 34. Nb3 f5 35. Kf3 Re4 36. Nd2 Bb4 37. Rd3 Bxd2 38. Bxd2 Rxc4 39. Ke2 Rxa4 40. Rh3 Ra2 41. Rxh7 Nd6 42. Kd3 Ne4 43. Be3 Nxf2+ 44. Bxf2 Rxf2 45. Rg7 a4 46. Ke3 a3 0-1

[Event "Sharjah Masters 5th"]
[Site "Sharjah"]
[Date "2022.05.25"]
[Round "5"]
[White "Assaubayeva, Bibissara"]
[Black "Vogt, Lothar"]
[Result "1/2-1/2"]
[WhiteElo "2439"]
[BlackElo "2365"]
[PlyCount "61"]
[EventDate "2022.05.21"]
[EventType "swiss"]
[EventRounds "9"]
[EventCountry "UAE"]
[SourceTitle "CBM 208 Extra"]
[Source "ChessBase"]
[SourceDate "2022.07.31"]
[SourceVersion "1"]
[SourceVersionDate "2022.07.31"]
[SourceQuality "1"]

1. d4 Nf6 2. c4 g6 3. Nc3 Bg7 4. e4 d6 5. h3 0-0 6. Be3 Nc6 7. d5 Ne5 8. f4 Ned7 9. g4 c6 10. Nge2 cxd5 11. cxd5 b5 12. Nd4 a6 13. Bg2 Bb7 14. 0-0 Rc8 15. Rc1 Nb6 16. b3 Nfd7 17. Nce2 Nc5 18. Nc6 Qd7 19. Ned4 e6 20. Na5 exd5 21. Nxb7 Qxb7 22. exd5 Rfe8 23. Bf2 Ne4 24. Rxc8 Qxc8 25. Nc6 Nd7 26. Qc2 Nc3 27. Bf3 Nb8 28. Re1 Rxe1+ 29. Bxe1 Nxc6 30. dxc6 d5 31. Bxc3 1/2-1/2

[Event "SUI-chT"]
[Site "Switzerland"]
[Date "2021.10.23"]
[Round "4.3"]
[White "Edouard, Romain"]
[Black "Vogt, Lothar"]
[Result "1/2-1/2"]
[WhiteElo "2594"]
[BlackElo "2359"]
[PlyCount "97"]
[EventDate "2021.08.29"]
[EventType "team-tourn"]
[EventRounds "9"]
[EventCountry "SUI"]
[SourceTitle "EXT 2023"]
[Source "ChessBase"]
[SourceDate "2022.10.05"]
[SourceVersion "1"]
[SourceVersionDate "2022.10.05"]
[SourceQuality "1"]
[WhiteTeam "Geneve"]
[BlackTeam "Zuerich"]
[WhiteTeamCountry "SUI"]
[BlackTeamCountry "SUI"]

1. d4 Nf6 2. c4 g6 3. g3 Bg7 4. Bg2 0-0 5. Nc3 d6 6. Nf3 Nbd7 7. 0-0 e5 8. e4 exd4 9. Nxd4 Re8 10. h3 Nc5 11. Re1 Bd7 12. Bf4 h6 13. g4 Rb8 14. Qd2 h5 15. f3 a6 16. Bg5 hxg4 17. hxg4 Qc8 18. Rad1 Nh7 19. Bh6 Qd8 20. Bxg7 Kxg7 21. Nd5 Rc8 22. b4 Ne6 23. c5 Ba4 24. Rc1 dxc5 25. bxc5 Bc6 26. f4 Qh4 27. Nxe6+ fxe6 28. Ne3 Rcd8 29. Qc3+ Qf6 30. Nc4 Qxc3 31. Rxc3 Nf6 32. Ne5 Bb5 33. Rb3 Nd7 34. Nxd7 Rxd7 35. e5 c6 36. Reb1 a5 37. Bf1 Bxf1 38. Rxb7 Ree7 39. Rxd7 Rxd7 40. Rxf1 Rd4 41. Kh2 Rc4 42. Kg3 Rxc5 43. Kh4 Kh6 44. Rd1 g5+ 45. fxg5+ Kg6 46. Re1 Rc2 47. a4 Rh2+ 48. Kg3 Ra2 49. Kh4 1/2-1/2

[Event "Cannes op 34th"]
[Site "Cannes"]
[Date "2020.02.21"]
[Round "7"]
[White "Vogt, Lothar"]
[Black "Antal, Gergely"]
[Result "0-1"]
[WhiteElo "2347"]
[BlackElo "2562"]
[PlyCount "68"]
[EventDate "2020.02.17"]
[EventType "swiss"]
[EventRounds "9"]
[EventCountry "FRA"]
[SourceTitle "CBM 195 Extra"]
[Source "ChessBase"]
[SourceDate "2020.05.31"]
[SourceVersion "1"]
[SourceVersionDate "2020.05.31"]
[SourceQuality "1"]

1. e4 c5 2. c3 d5 3. exd5 Qxd5 4. d4 Nc6 5. Nf3 Bg4 6. Be2 cxd4 7. cxd4 e6 8. 0-0 Nf6 9. Nc3 Qa5 10. h3 Bh5 11. a3 Bd6 12. Be3 0-0 13. b4 Qd8 14. Qb3 a5 15. b5 Ne7 16. Bg5 Rc8 17. Rac1 Bb8 18. Rfd1 Qd6 19. Bxf6 gxf6 20. g3 f5 21. Kg2 Rc7 22. Ng1 Bxe2 23. Ngxe2 Rfc8 24. Nf4 Ng6 25. Nxg6 hxg6 26. d5 exd5 27. Rxd5 Qe6 28. Qd1 Rxc3 29. Rxc3 Rxc3 30. Rd8+ Kh7 31. Rxb8 Qe4+ 32. Kg1 Rxa3 33. Qf1 Rb3 34. Kh2 Rb1 0-1

[Event "Cannes op 34th"]
[Site "Cannes"]
[Date "2020.02.19"]
[Round "4"]
[White "Vogt, Lothar"]
[Black "Nasuta, Grzegorz"]
[Result "1/2-1/2"]
[WhiteElo "2347"]
[BlackElo "2561"]
[PlyCount "41"]
[EventDate "2020.02.17"]
[EventType "swiss"]
[EventRounds "9"]
[EventCountry "FRA"]
[SourceTitle "CBM 195 Extra"]
[Source "ChessBase"]
[SourceDate "2020.05.31"]
[SourceVersion "1"]
[SourceVersionDate "2020.05.31"]
[SourceQuality "1"]

1. e4 c5 2. c3 d5 3. exd5 Qxd5 4. d4 Nf6 5. Nf3 e6 6. Be3 cxd4 7. cxd4 Bb4+ 8. Nc3 0-0 9. Bd3 b6 10. 0-0 Bxc3 11. bxc3 Ba6 12. Bxa6 Nxa6 13. Qa4 Qb7 14. c4 Rac8 15. Rab1 Nb8 16. Rfd1 Nbd7 17. Rbc1 h6 18. h3 Rc6 19. Rc2 Rfc8 20. Rdc1 Qb8 21. Ne1 1/2-1/2

[Event "SUI-chT"]
[Site "Switzerland"]
[Date "2019.05.04"]
[Round "3.3"]
[White "Moor, Olivier"]
[Black "Vogt, Lothar"]
[Result "1/2-1/2"]
[WhiteElo "2341"]
[BlackElo "2357"]
[PlyCount "102"]
[EventDate "2019.03.10"]
[EventType "team-tourn"]
[EventRounds "9"]
[EventCountry "SUI"]
[SourceTitle "CBM 190 Extra"]
[Source "ChessBase"]
[SourceDate "2019.07.15"]
[SourceVersion "1"]
[SourceVersionDate "2019.07.15"]
[SourceQuality "1"]
[WhiteTeam "Wollishofen"]
[BlackTeam "Zuerich"]
[WhiteTeamCountry "SUI"]
[BlackTeamCountry "SUI"]

1. d4 d6 2. c4 e5 3. Nc3 exd4 4. Qxd4 Nc6 5. Qd2 Be6 6. e4 Nf6 7. Bd3 Ne5 8. b3 Nxd3+ 9. Qxd3 g6 10. Nge2 Bg7 11. 0-0 0-0 12. f3 Nd7 13. Be3 f5 14. exf5 Bxf5 15. Qd2 Nf6 16. Nd4 Qd7 17. Rae1 Rfe8 18. Re2 a6 19. Rfe1 Kf8 20. Bh6 Rxe2 21. Rxe2 Re8 22. Bxg7+ Kxg7 23. g4 Be6 24. Qe1 Bf7 25. g5 Nh5 26. Rxe8 Bxe8 27. Ne4 Qe7 28. Qc3 Qe5 29. Ne6+ Kf7 30. Qxe5 dxe5 31. Nxc7 Bc6 32. Kf2 Nf4 33. Ke3 Ng2+ 34. Kf2 Nf4 35. Ke3 Ng2+ 36. Kd2 Nf4 37. b4 Bxe4 38. fxe4 Nh3 39. b5 axb5 40. cxb5 Nxg5 41. Ke3 Ke7 42. Nd5+ Kd6 43. Nf6 h5 44. a4 Nf7 45. a5 Kc5 46. a6 bxa6 47. bxa6 Kb6 48. Nd7+ Kxa6 49. Nxe5 Nxe5 50. Kf4 Ng4 51. Kg5 Nxh2 1/2-1/2

[Event "WchT Seniors 65"]
[Site "Rhodes"]
[Date "2019.04.21"]
[Round "6.3"]
[White "Vogt, Lothar"]
[Black "Beltz, Robert"]
[Result "1-0"]
[WhiteElo "2362"]
[BlackElo "2158"]
[PlyCount "43"]
[EventDate "2019.04.16"]
[EventType "team-swiss"]
[EventRounds "9"]
[EventCountry "GRE"]
[SourceTitle "CBM 190 Extra"]
[Source "ChessBase"]
[SourceDate "2019.07.15"]
[SourceVersion "1"]
[SourceVersionDate "2019.07.15"]
[SourceQuality "1"]
[WhiteTeam "Germany"]
[BlackTeam "Stiftung BSW/DBAG"]
[WhiteTeamCountry "GER"]
[BlackTeamCountry "GER"]

1. c4 c6 2. e4 d5 3. exd5 cxd5 4. d4 Nf6 5. Nc3 e6 6. Nf3 Be7 7. c5 0-0 8. Bd3 Nc6 9. a3 a5 10. Na4 Ne4 11. Nb6 Ra7 12. 0-0 Bf6 13. Be3 g6 14. Bxe4 dxe4 15. Nd2 Bxd4 16. Nxe4 Bxb2 17. Qxd8 Rxd8 18. Rad1 Rf8 19. Nd6 Ne7 20. Bg5 f6 21. Bh6 Rd8 22. Bc1 1-0

[Event "WchT Seniors 65"]
[Site "Rhodes"]
[Date "2019.04.19"]
[Round "4.2"]
[White "Vogt, Lothar"]
[Black "Balashov, Yuri S"]
[Result "1/2-1/2"]
[WhiteElo "2362"]
[BlackElo "2470"]
[PlyCount "28"]
[EventDate "2019.04.16"]
[EventType "team-swiss"]
[EventRounds "9"]
[EventCountry "GRE"]
[SourceTitle "CBM 190 Extra"]
[Source "ChessBase"]
[SourceDate "2019.07.15"]
[SourceVersion "1"]
[SourceVersionDate "2019.07.15"]
[SourceQuality "1"]
[WhiteTeam "Germany"]
[BlackTeam "Russia 65+"]
[WhiteTeamCountry "GER"]
[BlackTeamCountry "RUS"]

1. e4 e5 2. Nf3 Nc6 3. Bb5 a6 4. Ba4 Nf6 5. Bxc6 dxc6 6. d3 Nd7 7. Nbd2 Bd6 8. 0-0 0-0 9. Nc4 Re8 10. d4 exd4 11. Nxd6 cxd6 12. Qxd4 Ne5 13. Nxe5 dxe5 14. Qxd8 Rxd8 1/2-1/2